|
|
|
|
| LEADER |
00000nam0a2200000 4500 |
| 001 |
18325 |
| 005 |
20250225063224.0 |
| 035 |
|
|
|a (RuTPU)RU\TPU\book\18474
|
| 035 |
|
|
|a BOOK00003162
|
| 090 |
|
|
|a 18325
|
| 100 |
|
|
|a 20011209d1990 km y0rusy50 ca
|
| 101 |
0 |
|
|a rus
|
| 102 |
|
|
|a RU
|
| 105 |
|
|
|a y z 000zy
|
| 200 |
1 |
|
|a Актуальные вопросы борьбы с преступностью
|f Томский государственный университет; Под ред. В. Д. Филимонова; М. К. Свиридова; Н. Т. Ведерникова
|
| 210 |
|
|
|a Томск
|c Изд-во ТГУ
|d 1990
|
| 215 |
|
|
|a 156 с.
|
| 606 |
1 |
|
|a Уголовное право
|y Россия
|2 stltpush
|3 (RuTPU)RU\TPU\subj\62451
|9 79527
|
| 610 |
1 |
|
|a право
|
| 610 |
1 |
|
|a уголовное право
|
| 610 |
1 |
|
|a преступность
|
| 686 |
|
|
|a Х628
|v LBC/SL-A
|2 rubbk
|
| 702 |
|
1 |
|a Филимонов
|b В. Д.
|4 340
|
| 702 |
|
1 |
|a Свиридов
|b М. К.
|4 340
|
| 702 |
|
1 |
|a Ведерников
|b Н. Т.
|4 340
|
| 712 |
0 |
2 |
|a Томский государственный университет
|c 1917-2009
|7 ca
|8 rus
|2 stltpush
|3 (RuTPU)RU\TPU\col\397
|9 23396
|
| 801 |
|
0 |
|a RU
|b 63413507
|c 20011209
|g PSBO
|
| 801 |
|
2 |
|a RU
|b 63413507
|c 20180910
|g PSBO
|
| 942 |
|
|
|c BK
|